Countries with the Most NHL Players - Tampa Bay Lightning 2023-24 - Statistics

General Stats
  • This quiz has been taken 49 times
  • The average score is 5 of 6
Answer Stats
% Country % Correct
26.9% United States
100%
46.2% Canada
98%
7.7% Sweden
96%
11.5% Russia
93%
3.8% Slovakia
72%
3.8% Norway
50%
No matching quizzes found
Score Distribution
Percent of People with Each Score
Percentile by Number Answered
Your Score History
You have not taken this quiz